| 000 | 00822 a2200229 4500 | ||
|---|---|---|---|
| 003 | Nust | ||
| 005 | 20230908104437.0 | ||
| 010 | _a 2002032000 | ||
| 020 | _c0071410104 | ||
| 040 | _cNust | ||
| 082 | 0 | 0 | _a629.892,GIB |
| 245 | 0 | 0 |
_aConcise encyclopedia of robotics / _cStan Gibilisco. |
| 260 |
_aNew York : _bMcGraw-Hill, _c2003. |
||
| 300 |
_axiii, 365 p. : _bill. ; _c23 cm. |
||
| 505 | _aConcise Encyclopedia of Robotics and AI (Page-1), Suggested Additional References (Page-351), Index (Page-353). | ||
| 650 | 0 | _aArtificial intelligence | |
| 650 | 0 | _aRobotics | |
| 700 | 1 |
_aGibilisco, Stan. _92372 |
|
| 856 | 4 | 2 |
_3Contributor biographical information _uhttp://www.loc.gov/catdir/bios/mh041/2002032000.html |
| 856 | 4 | 2 |
_3Table of contents _uhttp://www.loc.gov/catdir/toc/mh031/2002032000.html |
| 942 |
_cREF _2ddc |
||
| 999 |
_c175938 _d175938 |
||